| 000 | 00584nam a2200205 a 4500 | ||
|---|---|---|---|
| 001 | BRCA_6866 | ||
| 005 | 20190320205624.0 | ||
| 008 | 101111s1930----u--a######---#000-0#eng-# | ||
| 041 | _aeng | ||
| 044 | _au | ||
| 050 | 4 |
_aGV1282.3 _b.K36 1930 |
|
| 245 | 1 | 0 |
_aHow to bid contract bridge _ha short cut from auction to contract _cMadeleine Kerwin |
| 260 |
_aNueva York _bA. A. Knopf _c1930 |
||
| 300 |
_avi, 62 p. _bil. _c18 cm. |
||
| 500 | _aO57 | ||
| 650 | 1 | 4 |
_aApuestas _xJuegos de cartas (Bridge) _917112 |
| 700 | 1 |
_aKerwin, Madeleine _eaut. _917113 |
|
| 902 | _aGFM | ||
| 942 |
_2lcc _cB |
||
| 999 |
_c6548 _d6548 |
||